000 00673nam a2200241Ia 4500
003 OSt
005 20221005084405.0
006 a|||||r|||| 00| 0
007 ta
008 221004b |||||||| |||| 00| 0 eng d
024 _a85
037 _cTextual
040 _aCRL
_cCRL
_beng
041 _2eng
_aeng
082 _aP111, J5
100 _aStevick Earl W.
_9596418
245 0 _aHelping people learn English
_b A manual for teachers of English as a second language
260 _aNew York
_bAbingdon Press USA
_c1955
300 _a138p.
_ccm.
650 _aLINGUISTICS
942 _hP111, J5
_cTEXL
_2cc
999 _c992519
_d992519